000
00194nam a22000977a 4500
082
_a
669.092 MET'A
245
_a
METALLURGISTS HANDBOOK
260
_a
MOSCOW
_b
MIR
300
_a
371P
942
_c
BK
999
_c
584786
_d
584786